000 00789cam a22002051 4500
001 ca 09004673
003 DLC
005 20260227111050.0
008 760921s1904 ohu 000 0 eng
010 _aca 09004673
035 _a(OCoLC)2455383
040 _aDLC
_cOClW
_dDLC
042 _apremarc
050 0 0 _aHD7413.N3
_bA5 1904
110 2 _aNational cash register company, Dayton, O.
245 0 0 _aNational Cash Register Factory,
_bDayton, Ohio, U.S.A., as seen by English experts of the Mosely Industrial and Educational Commissions ...
_ccomp. by Alfred A. Thomas, general counsel and secretary of the corporation.
260 _a[Dayton, O.]
_c1904.
300 _a96 p.
_billus. (incl. ports.) diagrs.
_c22 cm.
700 1 _aThomas, Alfred A.
_q(Alfred Addison),
_d1845-1916,
_ecomp.
999 _c14036
_d14036